[Event "Nancy Rapid op 22nd"]
[Site "Meurthe et Moselle"]
[Date "2024.02.18"]
[Round "4"]
[White "Ouaki, Mark"]
[Black "Berend, Elvira S"]
[Result "1/2-1/2"]
[WhiteElo "2092"]
[BlackElo "2273"]
[PlyCount "129"]
[EventDate "2024.02.18"]
[EventType "swiss (rapid)"]
[EventRounds "9"]
[EventCountry "FRA"]
[SourceTitle "CB08_2024"]
[SourceDate "2024.02.21"]
[SourceVersion "1"]
[SourceVersionDate "2024.02.21"]
[SourceQuality "1"]

1. e4 e5 2. Nf3 Nc6 3. Bb5 Nf6 4. d3 d6 5. c3 Be7 6. 0-0 Bd7 7. Re1 0-0 8. Nbd2 Re8 9. Nf1 Bf8 10. Bg5 g6 11. Qd2 Bg7 12. h3 a6 13. Ba4 b5 14. Bc2 Rb8 15. d4 b4 16. d5 bxc3 17. Qxc3 Ne7 18. Bd3 c6 19. dxc6 Bxc6 20. Rad1 Qb6 21. b3 Rec8 22. Qd2 Ba8 23. Bxf6 Bxf6 24. Bc4 Rd8 25. Ng5 d5 26. exd5 Bxd5 27. Qc1 Bxc4 28. bxc4 Rxd1 29. Rxd1 Bxg5 30. Qxg5 Nf5 31. Ne3 Nxe3 32. Qxe3 Qxe3 33. fxe3 Rb2 34. Rc1 Kf8 35. c5 Ke8 36. c6 Kd8 37. Rc5 f6 38. Rd5+ Kc7 39. Rd7+ Kxc6 40. Rxh7 Kd6 41. e4 Rxa2 42. Rf7 Ke6 43. Rb7 Ra4 44. Rb6+ Kf7 45. Kf2 g5 46. Kf3 Kg6 47. Rb8 a5 48. Rg8+ Kf7 49. Ra8 Ra1 50. Kg4 Re1 51. Kf3 Rf1+ 52. Ke2 Ra1 53. Kf3 a4 54. Kg4 a3 55. Kh5 Re1 56. Ra7+ Ke6 57. Ra6+ Ke7 58. Ra7+ Kd6 59. Kg6 Ke6 60. Rxa3 Rxe4 61. Ra6+ Ke7 62. Rxf6 g4 63. Ra6 gxh3 64. gxh3 Rh4 65. Kf5 1/2-1/2

[Event "Wch Blitz (Women)"]
[Site "Samarkand"]
[Date "2023.12.29"]
[Round "4"]
[White "Berend, Elvira S"]
[Black "Ushenina, Anna"]
[Result "1/2-1/2"]
[WhiteElo "2287"]
[BlackElo "2415"]
[PlyCount "119"]
[EventDate "2023.12.29"]
[EventType "swiss (blitz)"]
[EventRounds "17"]
[EventCountry "UZB"]
[SourceTitle "CB01_2024"]
[SourceDate "2024.01.03"]
[SourceVersion "1"]
[SourceVersionDate "2024.01.03"]
[SourceQuality "1"]

1. Nf3 d5 2. g3 g6 3. Bg2 Bg7 4. 0-0 e5 5. d3 Nc6 6. Nbd2 Nge7 7. e4 0-0 8. exd5 Nxd5 9. Re1 Re8 10. Nc4 h6 11. a4 a5 12. c3 Bf5 13. Nh4 Be6 14. Nf3 f6 15. Nh4 Bf7 16. Qb3 Nb6 17. Bf1 Nxc4 18. dxc4 Rb8 19. Be3 Qe7 20. Qb5 f5 21. Ng2 Qf6 22. Rad1 g5 23. f4 b6 24. fxg5 hxg5 25. Bxg5 Qxg5 26. Qxc6 f4 27. Qf3 Bh5 28. Qd5+ Kh8 29. gxf4 Qe7 30. Rd3 Rbd8 31. Qe4 Qc5+ 32. Kh1 exf4 33. Rxd8 Rxd8 34. Nxf4 Re8 35. Qxe8+ Bxe8 36. Rxe8+ Kh7 37. Bd3+ Kh6 38. Re6+ Kg5 39. Ne2 Be5 40. Rg6+ Kh5 41. Kg2 Qe3 42. Ng3+ Bxg3 43. Rxg3 Qd2+ 44. Kh3 Qxb2 45. Be4 Qd2 46. Bd5 Qe1 47. Bf3+ Kh6 48. Bd5 Qe5 49. Kg2 Qe2+ 50. Kh3 Qe5 51. Kg2 Qe8 52. Rh3+ Kg7 53. Rg3+ Kh6 54. Rh3+ Kg5 55. Rg3+ Kh6 56. Rh3+ Kg7 57. Rg3+ Kh6 58. Rh3+ Kg7 59. Rg3+ Kh6 60. Rh3+ 1/2-1/2

[Event "Wch Rapid (Women)"]
[Site "Samarkand"]
[Date "2023.12.26"]
[Round "2"]
[White "Allahverdiyeva, Ayan"]
[Black "Berend, Elvira S"]
[Result "1-0"]
[WhiteElo "2148"]
[BlackElo "2287"]
[PlyCount "91"]
[EventDate "2023.12.26"]
[EventType "swiss (rapid)"]
[EventRounds "11"]
[EventCountry "UZB"]
[SourceTitle "CB01_2024"]
[SourceDate "2024.01.03"]
[SourceVersion "1"]
[SourceVersionDate "2024.01.03"]
[SourceQuality "1"]

1. e4 c5 2. Nf3 e6 3. d4 cxd4 4. Nxd4 Nc6 5. Nc3 a6 6. Nxc6 bxc6 7. Bd3 d5 8. 0-0 Nf6 9. Re1 Bb7 10. e5 Nd7 11. Qg4 g6 12. h4 Bg7 13. Qg3 c5 14. h5 c4 15. Bf1 0-0 16. Bf4 Qb6 17. Rab1 a5 18. b3 Qc6 19. bxc4 Nb6 20. cxd5 Nxd5 21. Nxd5 Qxd5 22. c4 Qd7 23. h6 Bh8 24. Red1 Qc7 25. Rd6 Ba6 26. Rbb6 Bc8 27. Qe3 Bd7 28. c5 Rfb8 29. Bg5 Be8 30. a3 a4 31. Kh2 Rc8 32. c6 Qxb6 33. Qxb6 Bxe5+ 34. g3 Bxd6 35. c7 Bxc7 36. Qd4 e5 37. Qc5 Bd7 38. Qe7 Bd8 39. Qxe5 f6 40. Qd5+ Kf8 41. Qxd7 fxg5 42. Qxh7 Bf6 43. Qxg6 Ke7 44. Qh7+ Ke6 45. Bh3+ Ke5 46. Qf5+ 1-0

[Event "Wch Rapid (Women)"]
[Site "Samarkand"]
[Date "2023.12.26"]
[Round "3"]
[White "Berend, Elvira S"]
[Black "Soumya, Swaminathan"]
[Result "1/2-1/2"]
[WhiteElo "2287"]
[BlackElo "2267"]
[PlyCount "105"]
[EventDate "2023.12.26"]
[EventType "swiss (rapid)"]
[EventRounds "11"]
[EventCountry "UZB"]
[SourceTitle "CB01_2024"]
[SourceDate "2024.01.03"]
[SourceVersion "1"]
[SourceVersionDate "2024.01.03"]
[SourceQuality "1"]

1. Nf3 Nf6 2. g3 g6 3. b3 Bg7 4. Bb2 c5 5. c4 0-0 6. Bg2 d6 7. 0-0 e5 8. d3 Nc6 9. Nc3 h6 10. e3 Re8 11. a3 Bf5 12. Nh4 Bg4 13. Qd2 Qd7 14. Nd5 Nh7 15. b4 Rac8 16. f3 Be6 17. f4 g5 18. Nf3 f6 19. bxc5 dxc5 20. fxe5 fxe5 21. Qc2 Bf5 22. Nd2 b6 23. Ne4 Rf8 24. Rf2 g4 25. Raf1 Rcd8 26. Nef6+ Nxf6 27. Rxf5 Nh7 28. Rxf8+ Rxf8 29. Rxf8+ Kxf8 30. Qa4 Ng5 31. Qd1 Ne7 32. Qf1+ Ke8 33. Nxe7 Kxe7 34. Bd5 Bf6 35. Kg2 Qa4 36. Qe2 h5 37. d4 e4 38. dxc5 bxc5 39. Bxf6+ Kxf6 40. Qb2+ Kf5 41. Qf2+ Kg6 42. Qd2 Qxa3 43. Bc6 Qd3 44. Be8+ Kg7 45. Qb2+ Kf8 46. Qh8+ Ke7 47. Qg7+ Kd8 48. Qxg5+ Kxe8 49. Qxh5+ Kd8 50. Qxc5 Qe2+ 51. Kg1 Qe1+ 52. Kg2 Qe2+ 53. Kg1 1/2-1/2

[Event "FRA-chT Top 12 (Women) GpB"]
[Site "Mulhouse"]
[Date "2023.05.21"]
[Round "5.3"]
[White "Berend, Elvira S"]
[Black "Afraoui, Anaelle"]
[Result "1-0"]
[WhiteElo "2255"]
[BlackElo "2118"]
[PlyCount "71"]
[EventDate "2023.05.18"]
[EventType "team-tourn"]
[EventRounds "5"]
[EventCountry "FRA"]
[SourceTitle "CBM 214 Extra"]
[Source "ChessBase"]
[SourceDate "2023.07.31"]
[SourceVersion "1"]
[SourceVersionDate "2023.07.31"]
[SourceQuality "1"]
[WhiteTeam "Vandoeuvre (W)"]
[BlackTeam "Tour de Juvisy (W)"]
[WhiteTeamCountry "FRA"]
[BlackTeamCountry "FRA"]

1. Nf3 Nf6 2. g3 g6 3. b3 Bg7 4. Bb2 0-0 5. Bg2 d5 6. c4 dxc4 7. bxc4 c5 8. 0-0 Nc6 9. d3 Re8 10. Ne5 Qb6 11. Bc3 Nd4 12. e3 Nf5 13. Nd2 Qd6 14. Qb3 Rb8 15. Ndf3 Nd7 16. Nxd7 Bxd7 17. Bxg7 Kxg7 18. d4 cxd4 19. exd4 b6 20. Rfd1 Kg8 21. Rac1 Bc6 22. d5 Bd7 23. Ng5 Qc7 24. Qf3 Nd6 25. Qf4 Rbc8 26. Qh4 h5 27. Qf4 Bf5 28. h3 Nxc4 29. d6 Qxd6 30. Rxd6 Nxd6 31. Rxc8 Rxc8 32. Bd5 Rf8 33. g4 hxg4 34. hxg4 Bd7 35. Qh2 Kg7 36. Qe5+ 1-0

[Event "FRA-chT Top 12 (Women) GpB"]
[Site "Mulhouse"]
[Date "2023.05.19"]
[Round "2.3"]
[White "Milliet, Sophie"]
[Black "Berend, Elvira S"]
[Result "1/2-1/2"]
[WhiteElo "2385"]
[BlackElo "2255"]
[PlyCount "89"]
[EventDate "2023.05.18"]
[EventType "team-tourn"]
[EventRounds "5"]
[EventCountry "FRA"]
[SourceTitle "CBM 214 Extra"]
[Source "ChessBase"]
[SourceDate "2023.07.31"]
[SourceVersion "1"]
[SourceVersionDate "2023.07.31"]
[SourceQuality "1"]
[WhiteTeam "Grasse (W)"]
[BlackTeam "Vandoeuvre (W)"]
[WhiteTeamCountry "FRA"]
[BlackTeamCountry "FRA"]

1. e4 c5 2. Nf3 e6 3. d4 cxd4 4. Nxd4 Nc6 5. Nc3 a6 6. Nxc6 bxc6 7. Bd3 d5 8. 0-0 Nf6 9. Qf3 Bb7 10. Bf4 Be7 11. Rad1 0-0 12. Rfe1 Re8 13. Qh3 g6 14. exd5 exd5 15. Bg5 Nd7 16. Bxe7 Rxe7 17. Qg3 Nc5 18. b4 Ne6 19. a4 c5 20. b5 axb5 21. Nxb5 Rxa4 22. Nd6 Ng7 23. Bb5 Rd4 24. Nxb7 Rxb7 25. Rxd4 cxd4 26. Bc6 Rb6 27. Ba4 Re6 28. Rf1 Nf5 29. Qb3 Rb6 30. Qf3 Rb4 31. Bb3 Rb5 32. Re1 Rc5 33. g3 Rc3 34. Qd1 d3 35. cxd3 Nd4 36. Ba4 Qa5 37. Bd7 Qc7 38. Bg4 Kg7 39. Qd2 Nb3 40. Qe3 d4 41. Qe8 Qd6 42. Re7 Rc1+ 43. Kg2 Qc6+ 44. Qxc6 Rxc6 45. Rd7 1/2-1/2

[Event "Kragero op"]
[Site "Kragero"]
[Date "2023.02.22"]
[Round "1"]
[White "Savicevs, Arsenijs"]
[Black "Berend, Elvira S"]
[Result "1/2-1/2"]
[WhiteElo "1970"]
[BlackElo "2322"]
[PlyCount "79"]
[EventDate "2023.02.22"]
[EventType "swiss"]
[EventRounds "9"]
[EventCountry "NOR"]
[SourceTitle "CBM 212 Extra"]
[Source "ChessBase"]
[SourceDate "2023.03.31"]
[SourceVersion "1"]
[SourceVersionDate "2023.03.31"]
[SourceQuality "1"]

1. e4 c5 2. Nf3 d6 3. Nc3 a6 4. a4 Nf6 5. e5 dxe5 6. Nxe5 e6 7. g3 Qc7 8. Nc4 Qc6 9. f3 Be7 10. Bg2 0-0 11. d3 Nd5 12. 0-0 Qc7 13. a5 Nd7 14. Qe2 N7f6 15. Na4 Bd7 16. Nab6 Rad8 17. Nxd7 Nxd7 18. f4 Rfe8 19. Qf3 Nb8 20. Ne5 Nc6 21. Nxc6 bxc6 22. c3 Bf8 23. f5 exf5 24. Qxf5 Re6 25. Bg5 Rde8 26. Rf2 h6 27. Bd2 Rf6 28. Qg4 Rxf2 29. Kxf2 Qb7 30. Rb1 Nf6 31. Qc4 Qc8 32. Re1 Ng4+ 33. Kg1 Rxe1+ 34. Bxe1 Ne3 35. Qe4 Nxg2 36. Kxg2 Qb7 37. b4 cxb4 38. cxb4 Qd7 39. Qc4 Qb7 40. Qe4 1/2-1/2

[Event "EU-ch Rapid"]
[Site "Katowice"]
[Date "2022.12.18"]
[Round "9"]
[White "Berend, Elvira S"]
[Black "Sebenik, Matej"]
[Result "0-1"]
[WhiteElo "2318"]
[BlackElo "2538"]
[PlyCount "86"]
[EventDate "2022.12.17"]
[EventType "swiss (rapid)"]
[EventRounds "11"]
[EventCountry "POL"]
[SourceTitle "CBM 211 Extra"]
[Source "ChessBase"]
[SourceDate "2023.01.31"]
[SourceVersion "1"]
[SourceVersionDate "2023.01.31"]
[SourceQuality "1"]

1. d4 d5 2. c4 e6 3. Nf3 a6 4. cxd5 exd5 5. Nc3 c6 6. Bf4 Bd6 7. Bxd6 Qxd6 8. Qc2 Ne7 9. e3 Bf5 10. Bd3 Bxd3 11. Qxd3 Nd7 12. 0-0 0-0 13. Rfe1 Rfe8 14. e4 dxe4 15. Nxe4 Qc7 16. Neg5 Nf8 17. h4 Nd5 18. g3 f6 19. Ne4 Qf7 20. Nd6 Rxe1+ 21. Rxe1 Qd7 22. Nf5 Re8 23. Rxe8 Qxe8 24. Qb3 Qd7 25. Ne3 Ne6 26. Nxd5 cxd5 27. h5 g5 28. Qd3 g4 29. Nh4 Ng5 30. Qe3 Kf7 31. Qc3 Qc6 32. Qe3 Qc2 33. Kh2 Nh3 34. Kg2 Qb1 35. Nf3 gxf3+ 36. Kxh3 Qf5+ 37. g4 Qe4 38. Qxe4 dxe4 39. Kg3 Ke6 40. Kf4 Kd5 41. Ke3 h6 42. b3 a5 43. a3 b5 0-1

[Event "EU-ch Rapid"]
[Site "Katowice"]
[Date "2022.12.17"]
[Round "4"]
[White "Berend, Elvira S"]
[Black "Keinanen, Toivo"]
[Result "1-0"]
[WhiteElo "2318"]
[BlackElo "2508"]
[PlyCount "101"]
[EventDate "2022.12.17"]
[EventType "swiss (rapid)"]
[EventRounds "11"]
[EventCountry "POL"]
[SourceTitle "CBM 211 Extra"]
[Source "ChessBase"]
[SourceDate "2023.01.31"]
[SourceVersion "1"]
[SourceVersionDate "2023.01.31"]
[SourceQuality "1"]

1. e4 e6 2. d4 d5 3. exd5 exd5 4. Nf3 Nf6 5. Bd3 c5 6. 0-0 c4 7. Re1+ Be7 8. Bf1 0-0 9. b3 cxb3 10. axb3 Nc6 11. c3 Bg4 12. h3 Bh5 13. Be2 Re8 14. Ne5 Bxe2 15. Rxe2 Qc7 16. Bb2 a6 17. Nd2 Bd6 18. Nxc6 Qxc6 19. Nf1 Ne4 20. Qd3 Rac8 21. Rae1 b5 22. Qf3 Red8 23. Rc1 Ng5 24. Qf5 Ne6 25. Ree1 Be7 26. g3 Qd7 27. Kg2 Bg5 28. Ne3 a5 29. f4 Be7 30. Ng4 Nf8 31. Qd3 Bd6 32. Ra1 a4 33. bxa4 bxa4 34. Ba3 Bxa3 35. Rxa3 f6 36. Rea1 Ra8 37. Ne3 Ne6 38. Qc2 Qe8 39. Kf2 Rdc8 40. Qf5 Qc6 41. Qxd5 Qxd5 42. Nxd5 Rcb8 43. Rxa4 Rb2+ 44. Kf3 Rd8 45. Ra8 Rxa8 46. Rxa8+ Kf7 47. Ra7+ Kg6 48. Ne7+ Kh5 49. Nf5 Kg6 50. d5 Nc5 51. Rxg7+ 1-0

[Event "EU-ch Rapid"]
[Site "Katowice"]
[Date "2022.12.17"]
[Round "5"]
[White "Berend, Elvira S"]
[Black "Sahidi, Samir"]
[Result "1-0"]
[WhiteElo "2318"]
[BlackElo "2494"]
[PlyCount "83"]
[EventDate "2022.12.17"]
[EventType "swiss (rapid)"]
[EventRounds "11"]
[EventCountry "POL"]
[SourceTitle "CBM 211 Extra"]
[Source "ChessBase"]
[SourceDate "2023.01.31"]
[SourceVersion "1"]
[SourceVersionDate "2023.01.31"]
[SourceQuality "1"]

1. d4 Nf6 2. c4 e6 3. Nf3 c5 4. d5 exd5 5. cxd5 d6 6. h3 g6 7. e4 Bg7 8. Bd3 a6 9. a4 0-0 10. 0-0 Nbd7 11. Nc3 Rb8 12. Bf4 Qc7 13. Re1 Re8 14. Rc1 c4 15. Bf1 b5 16. axb5 axb5 17. Nd4 Ba6 18. Nc6 Rb6 19. b3 cxb3 20. Nxb5 Qb7 21. Nxd6 Qa8 22. Bxa6 Qxa6 23. Nxe8 Nxe8 24. e5 b2 25. Rb1 Qc4 26. Be3 Rb5 27. Qd4 Qb3 28. Qd1 Qa2 29. Qe2 Rb7 30. Bd4 Nc7 31. e6 fxe6 32. dxe6 Nf6 33. Rxb2 Qa8 34. Rxb7 Qxb7 35. Qf3 Nce8 36. e7 h6 37. Bxf6 Bxf6 38. Qd5+ Kg7 39. Qe6 Qc7 40. Nd8 Nd6 41. Qxd6 Qxd6 42. e8N+ 1-0

[Event "EU-ch Blitz"]
[Site "Katowice"]
[Date "2022.12.16"]
[Round "18"]
[White "Berend, Elvira S"]
[Black "Hulka, Valentyn"]
[Result "0-1"]
[WhiteElo "2318"]
[BlackElo "2222"]
[PlyCount "116"]
[EventDate "2022.12.16"]
[EventType "swiss (blitz)"]
[EventRounds "22"]
[EventCountry "POL"]
[SourceTitle "CBM 211 Extra"]
[Source "ChessBase"]
[SourceDate "2023.01.31"]
[SourceVersion "1"]
[SourceVersionDate "2023.01.31"]
[SourceQuality "1"]

1. e4 c5 2. Nf3 Nc6 3. Bb5 Nf6 4. e5 Nd5 5. 0-0 g6 6. c3 Bg7 7. d4 cxd4 8. cxd4 0-0 9. Nc3 Nxc3 10. bxc3 d6 11. exd6 Qxd6 12. h3 a6 13. Bd3 Be6 14. Re1 Rac8 15. a4 Bf6 16. Ba3 Qd7 17. Be4 Bd5 18. Bd3 Na5 19. Ne5 Qc7 20. Bb4 Nc6 21. Nxc6 Qxc6 22. Qg4 Rfe8 23. Bf1 e5 24. dxe5 Rxe5 25. Qf4 Rce8 26. Rxe5 Bxe5 27. Qd2 Be6 28. a5 Rc8 29. Rc1 Kg7 30. Qe3 Bf6 31. Qf4 Rd8 32. Re1 Rc8 33. Re3 h6 34. h4 Qd5 35. Rf3 Be5 36. Qe3 Rd8 37. Qb6 Qd1 38. Re3 Bf6 39. Rxe6 fxe6 40. Qxb7+ Rd7 41. Qxa6 Bxh4 42. Qxe6 Rf7 43. g3 Qf3 44. Qe2 Qxe2 45. Bxe2 Bd8 46. a6 Bb6 47. Bc4 Rxf2 48. Kh1 Rf3 49. Kg2 Rf2+ 50. Kh3 h5 51. Bd6 g5 52. Be5+ Kh6 53. g4 Rf3+ 54. Kg2 hxg4 55. Bd5 Rf5 56. Bd4 Bxd4 57. Be4 Rf2+ 58. Kg3 Ba7 0-1

[Event "EU-ch Blitz"]
[Site "Katowice"]
[Date "2022.12.16"]
[Round "7"]
[White "Berend, Elvira S"]
[Black "Van Hoolandt, Patrick"]
[Result "1/2-1/2"]
[WhiteElo "2318"]
[BlackElo "2010"]
[PlyCount "76"]
[EventDate "2022.12.16"]
[EventType "swiss (blitz)"]
[EventRounds "22"]
[EventCountry "POL"]
[SourceTitle "CBM 211 Extra"]
[Source "ChessBase"]
[SourceDate "2023.01.31"]
[SourceVersion "1"]
[SourceVersionDate "2023.01.31"]
[SourceQuality "1"]

1. e4 e5 2. Nf3 Nc6 3. Bc4 Bc5 4. 0-0 d6 5. c3 Qf6 6. d4 exd4 7. cxd4 Bb6 8. e5 dxe5 9. dxe5 Qd8 10. Qb3 Be6 11. Bxe6 fxe6 12. Qxe6+ Qe7 13. Qxe7+ Ngxe7 14. Nc3 0-0 15. Re1 Nb4 16. Re2 Rad8 17. Bg5 Rfe8 18. a3 Nbc6 19. Kf1 Rd3 20. Rd1 Rxd1+ 21. Nxd1 Ng6 22. e6 h6 23. Bd2 Re7 24. Nc3 Nf8 25. Bf4 Rxe6 26. Nd5 Rxe2 27. Kxe2 Ne6 28. Be3 Kf7 29. b4 a5 30. b5 Ncd4+ 31. Nxd4 Bxd4 32. Kd3 Bb2 33. a4 Ba3 34. Bd2 c6 35. bxc6 bxc6 36. Ne3 Nc5+ 37. Kc4 Ne4 38. Bxa5 Ke6 1/2-1/2

[Event "EU-ch Blitz"]
[Site "Katowice"]
[Date "2022.12.16"]
[Round "9"]
[White "Dzhuguryan, Tygran"]
[Black "Berend, Elvira S"]
[Result "0-1"]
[WhiteElo "2134"]
[BlackElo "2318"]
[PlyCount "91"]
[EventDate "2022.12.16"]
[EventType "swiss (blitz)"]
[EventRounds "22"]
[EventCountry "POL"]
[SourceTitle "CBM 211 Extra"]
[Source "ChessBase"]
[SourceDate "2023.01.31"]
[SourceVersion "1"]
[SourceVersionDate "2023.01.31"]
[SourceQuality "1"]

1. d4 Nf6 2. c4 e6 3. a3 c5 4. d5 exd5 5. cxd5 d6 6. Nc3 g6 7. Nf3 Bg7 8. e4 0-0 9. Bd3 Re8 10. 0-0 a6 11. Bg5 b5 12. Re1 h6 13. Bh4 Bg4 14. h3 Bxf3 15. Qxf3 Nbd7 16. Bf1 Ne5 17. Qd1 b4 18. axb4 cxb4 19. Na4 Ned7 20. Qd3 a5 21. Rac1 Rc8 22. Rc6 Ne5 23. Rxc8 Qxc8 24. Qd2 Qd7 25. b3 g5 26. Bg3 Ng6 27. f3 Nh5 28. Bf2 Nhf4 29. Rc1 Ne5 30. Nb6 Qd8 31. Rc8 Qe7 32. Rxe8+ Qxe8 33. Qc2 Qe7 34. Qc8+ Kh7 35. Nc4 Nxc4 36. Bxc4 Ng6 37. Qa8 Qe5 38. g3 Qc3 39. Kg2 Ne5 40. Be2 Qc2 41. Kf1 Qxb3 42. Qxa5 Qb1+ 43. Kg2 Qc2 44. Qb5 b3 45. f4 Qxe4+ 46. Kg1 0-1

[Event "EU-ch Blitz"]
[Site "Katowice"]
[Date "2022.12.16"]
[Round "11"]
[White "Kosteniuk, Alexandra"]
[Black "Berend, Elvira S"]
[Result "1-0"]
[WhiteElo "2520"]
[BlackElo "2318"]
[PlyCount "111"]
[EventDate "2022.12.16"]
[EventType "swiss (blitz)"]
[EventRounds "22"]
[EventCountry "POL"]
[SourceTitle "CBM 211 Extra"]
[Source "ChessBase"]
[SourceDate "2023.01.31"]
[SourceVersion "1"]
[SourceVersionDate "2023.01.31"]
[SourceQuality "1"]

1. e4 c5 2. c3 d5 3. exd5 Qxd5 4. d4 Nc6 5. Nf3 Bf5 6. Be3 cxd4 7. Nxd4 Nxd4 8. cxd4 a6 9. Nc3 Qd6 10. Qb3 Rb8 11. g3 e5 12. dxe5 Qxe5 13. Bg2 Be6 14. Qa4+ Bd7 15. Qc2 Nf6 16. 0-0 Bf5 17. Qa4+ Bd7 18. Bf4 Qc5 19. Rfe1+ Be7 20. Qd1 Rd8 21. Bd6 Be6 22. Bxc5 Rxd1 23. Raxd1 Bxc5 24. Bxb7 a5 25. Nd5 0-0 26. Nxf6+ gxf6 27. Bd5 Bb4 28. Re3 Bg4 29. Rd4 Bf5 30. Rf4 Bb1 31. Rxf6 Kg7 32. Rf4 Rd8 33. Rxf7+ Kg6 34. Bb3 a4 35. Bc4 Rd4 36. Rc7 Bd6 37. Rc6 Kg7 38. Re1 Bg6 39. b3 a3 40. Ra6 Rd2 41. Re2 Rd1+ 42. Kg2 Rd4 43. f3 h5 44. Re6 Rd2+ 45. Re2 Rd4 46. h4 Bf5 47. Ra5 Bg6 48. Rd5 Rxd5 49. Bxd5 Bc5 50. Bc4 Bd4 51. b4 Bb2 52. b5 Kf6 53. b6 Bd4 54. b7 Ba7 55. Re6+ Kf5 56. Ra6 1-0

[Event "Wch Seniors 50 30th"]
[Site "Assisi"]
[Date "2022.11.23"]
[Round "8"]
[White "Vinter Schou, Uffe"]
[Black "Berend, Elvira S"]
[Result "1-0"]
[WhiteElo "2375"]
[BlackElo "2280"]
[PlyCount "43"]
[EventDate "2022.11.15"]
[EventType "swiss"]
[EventRounds "11"]
[EventCountry "ITA"]
[SourceTitle "CBM 211 Extra"]
[Source "ChessBase"]
[SourceDate "2023.01.31"]
[SourceVersion "1"]
[SourceVersionDate "2023.01.31"]
[SourceQuality "1"]

1. c4 e6 2. Nf3 Nf6 3. e3 d5 4. b3 Bd6 5. Bb2 0-0 6. Nc3 Re8 7. Qc2 c5 8. cxd5 exd5 9. Bb5 Nc6 10. 0-0 Bg4 11. Bxc6 bxc6 12. Ne2 Ne4 13. Ng3 Re6 14. d3 Rh6 15. dxe4 Bxf3 16. e5 Bf8 17. gxf3 Qh4 18. Rfd1 Qh3 19. Qf5 Qxh2+ 20. Kf1 g6 21. Qd7 Rh3 22. e6 1-0

[Event "Wch Seniors 50 30th"]
[Site "Assisi"]
[Date "2022.11.16"]
[Round "2"]
[White "DeCozar, Ulises"]
[Black "Berend, Elvira S"]
[Result "0-1"]
[WhiteElo "2102"]
[BlackElo "2280"]
[PlyCount "58"]
[EventDate "2022.11.15"]
[EventType "swiss"]
[EventRounds "11"]
[EventCountry "ITA"]
[SourceTitle "CBM 211 Extra"]
[Source "ChessBase"]
[SourceDate "2023.01.31"]
[SourceVersion "1"]
[SourceVersionDate "2023.01.31"]
[SourceQuality "1"]

1. c4 e5 2. g3 Nf6 3. Bg2 h6 4. Nc3 Bb4 5. Nf3 e4 6. Nd4 Bxc3 7. dxc3 d6 8. 0-0 0-0 9. f3 Re8 10. fxe4 Nxe4 11. Qd3 Qe7 12. Qf3 Nc6 13. Nf5 Bxf5 14. Qxf5 Nd8 15. Rf4 Nf6 16. Rf2 Qe6 17. Qd3 Ne4 18. Rf4 Nc5 19. Qd4 Qxe2 20. Rf2 Qe5 21. Qg4 Qe6 22. Qh4 Nd3 23. Rf3 Qe1+ 24. Rf1 Qe5 25. b4 Qxc3 26. Bf4 Qd4+ 27. Kh1 Nf2+ 28. Rxf2 Qxf2 29. Bd5 c6 0-1

[Event "Olympiad-44"]
[Site "Chennai"]
[Date "2022.08.09"]
[Round "11.1"]
[White "Berend, Elvira S"]
[Black "Pasko, Llambi"]
[Result "0-1"]
[WhiteElo "2333"]
[BlackElo "2418"]
[PlyCount "82"]
[EventDate "2022.07.29"]
[EventType "team-swiss"]
[EventRounds "11"]
[EventCountry "IND"]
[SourceTitle "CBM 210"]
[Source "ChessBase"]
[SourceDate "2022.10.31"]
[SourceVersion "1"]
[SourceVersionDate "2022.10.31"]
[SourceQuality "1"]
[WhiteTeam "Luxembourg"]
[BlackTeam "Albania"]
[WhiteTeamCountry "LUX"]
[BlackTeamCountry "ALB"]

1. e4 e5 2. Nf3 Nc6 3. Bc4 Bc5 4. 0-0 Nf6 5. d3 d6 6. c3 0-0 7. a4 a6 8. h3 h6 9. Qe2 Re8 10. Be3 Bxe3 11. fxe3 Be6 12. Bxe6 Rxe6 13. c4 Nb4 14. Nc3 c6 15. Rad1 d5 16. cxd5 cxd5 17. d4 exd4 18. Nxd4 Re8 19. exd5 Nbxd5 20. Nf5 Re5 21. Qf3 Kh7 22. Qg3 Rxf5 23. Rxf5 Nxc3 24. Rxd8 Ne2+ 25. Kf2 Nxg3 26. Rxa8 Nxf5 27. Kf3 Nd6 28. Kf4 Nc4 29. b3 Na5 30. Rb8 Nd7 31. Rd8 Nc5 32. Rd1 Naxb3 33. Rb1 Nd2 34. Rd1 Nc4 35. Ra1 b5 36. axb5 axb5 37. Kf3 b4 38. Ke2 b3 39. Ra8 b2 40. Rb8 Ne4 41. Kd3 Ned2 0-1

[Event "Olympiad-44"]
[Site "Chennai"]
[Date "2022.08.07"]
[Round "9.2"]
[White "Berend, Elvira S"]
[Black "Avila Pavas, Santiago"]
[Result "0-1"]
[WhiteElo "2333"]
[BlackElo "2453"]
[PlyCount "84"]
[EventDate "2022.07.29"]
[EventType "team-swiss"]
[EventRounds "11"]
[EventCountry "IND"]
[SourceTitle "CBM 210"]
[Source "ChessBase"]
[SourceDate "2022.10.31"]
[SourceVersion "1"]
[SourceVersionDate "2022.10.31"]
[SourceQuality "1"]
[WhiteTeam "Luxembourg"]
[BlackTeam "Colombia"]
[WhiteTeamCountry "LUX"]
[BlackTeamCountry "COL"]

1. e4 c6 2. d4 d5 3. e5 Bf5 4. Nf3 e6 5. Be2 c5 6. 0-0 Nc6 7. Be3 Qb6 8. Nc3 Qxb2 9. Nb5 c4 10. Nc7+ Kd7 11. Nxa8 Bxc2 12. Qc1 Ba3 13. Ne1 Bg6 14. Qd1 Nge7 15. Nd3 Qb5 16. Nf4 Rxa8 17. Nxg6 hxg6 18. Rb1 Qa6 19. g4 b5 20. Kg2 Bb4 21. Qc2 Ba5 22. h4 Bb6 23. Rfd1 Rh8 24. Kg3 b4 25. Bf1 Qa3 26. Qb2 Qxb2 27. Rxb2 a5 28. Be2 a4 29. Rc1 Rc8 30. Bd1 Ra8 31. f4 Ra7 32. Rcb1 Kc7 33. Rxb4 Nxb4 34. Rxb4 a3 35. Ra4 Nc6 36. Rxa7+ Bxa7 37. Bc1 Nxd4 38. Bxa3 c3 39. Ba4 c2 40. Kh3 Bc5 41. Bb2 Bb4 42. h5 Bd2 0-1

[Event "Olympiad-44"]
[Site "Chennai"]
[Date "2022.07.31"]
[Round "3.2"]
[White "Ayyad, Husain Abdulgalil"]
[Black "Berend, Elvira S"]
[Result "1/2-1/2"]
[WhiteElo "2209"]
[BlackElo "2333"]
[PlyCount "124"]
[EventDate "2022.07.29"]
[EventType "team-swiss"]
[EventRounds "11"]
[EventCountry "IND"]
[SourceTitle "CBM 210"]
[Source "ChessBase"]
[SourceDate "2022.10.31"]
[SourceVersion "1"]
[SourceVersionDate "2022.10.31"]
[SourceQuality "1"]
[WhiteTeam "Bahrain"]
[BlackTeam "Luxembourg"]
[WhiteTeamCountry "BHN"]
[BlackTeamCountry "LUX"]

1. e4 e5 2. Nf3 Nc6 3. d4 exd4 4. Bc4 Nf6 5. e5 d5 6. Bb5 Nd7 7. 0-0 Be7 8. Bxc6 bxc6 9. Nxd4 Nb8 10. e6 fxe6 11. Re1 0-0 12. Nxe6 Bxe6 13. Rxe6 Bd6 14. Nd2 Nd7 15. Qh5 Nf6 16. Qh3 Qc8 17. Nf3 Re8 18. Rxe8+ Qxe8 19. Be3 Qg6 20. Qe6+ Qf7 21. Qxf7+ Kxf7 22. Ng5+ Kg6 23. h3 c5 24. Bd2 Re8 25. Kf1 h6 26. Nf3 Ne4 27. Rd1 c6 28. g4 Bc7 29. Nh4+ Kf6 30. Be1 Ng5 31. Rd3 c4 32. Ra3 Bb6 33. f4 Ne4 34. Nf3 Ke6 35. f5+ Kf7 36. Nd2 h5 37. Nf3 hxg4 38. hxg4 g6 39. Bc3 gxf5 40. Ne5+ Ke6 41. gxf5+ Kxf5 42. Nxc6 Ng3+ 43. Kg2 Ne2 44. Ba5 Bc5 45. Bb4 Nf4+ 46. Kf3 Bxb4 47. Nxb4 Rh8 48. Rxa7 Rh3+ 49. Kf2 d4 50. Rf7+ Kg4 51. Rg7+ Kf5 52. a4 d3 53. Rf7+ Kg4 54. cxd3 Rf3+ 55. Ke1 Ng2+ 56. Kd2 Rxf7 57. dxc4 Rf2+ 58. Kc3 Rf3+ 59. Kd4 Rb3 60. Nd3 Nf4 61. Nxf4 Kxf4 62. c5 Rxb2 1/2-1/2